Online
Catalog

Pepita Jiménez. (Record no. 39739)

MARC details
000 -CABECERA
campo de control de longitud fija 00261nam a2200109 a 4500
005 - FECHA Y HORA DE LA ÚLTIMA TRANSACCIÓN
campo de control 20201002034017.0
008 - DATOS DE LONGITUD FIJA--INFORMACIÓN GENERAL
campo de control de longitud fija 130820s2004 000 spa d
040 ## - FUENTE DE LA CATALOGACIÓN
Centro catalogador/agencia de origen DO-SdBNP
100 ## - ENTRADA PRINCIPAL--NOMBRE DE PERSONA
Nombre de persona Valera, Juan
9 (RLIN) 47010
245 #0 - MENCIÓN DE TÍTULO
Título Pepita Jiménez.
260 ## - PUBLICACIÓN, DISTRIBUCIÓN, ETC.
Lugar de publicación, distribución, etc. s. l.,
Fecha de publicación, distribución, etc. s. f.

No items available.

Powered by Koha